Tales from the Crypt : (Record no. 9863)
[ view plain ]
| 000 -LEADER | |
|---|---|
| fixed length control field | 00832nam a22002297a 4500 |
| 001 - CONTROL NUMBER | |
| control field | 9863 |
| 003 - CONTROL NUMBER IDENTIFIER | |
| control field | FISKH |
| 005 - DATE AND TIME OF LATEST TRANSACTION | |
| control field | 20260310091344.0 |
| 008 - FIXED-LENGTH DATA ELEMENTS--GENERAL INFORMATION | |
| fixed length control field | 260310b cb ||||| |||| 00| 0 eng d |
| 020 ## - INTERNATIONAL STANDARD BOOK NUMBER | |
| International Standard Book Number | 9781597070843 |
| 040 ## - CATALOGING SOURCE | |
| Original cataloging agency | FISKH |
| Language of cataloging | eng |
| Transcribing agency | FISKH |
| Modifying agency | FISKH |
| 082 ## - DEWEY DECIMAL CLASSIFICATION NUMBER | |
| Classification number | 741.5 |
| 100 ## - MAIN ENTRY--PERSONAL NAME | |
| Personal name | Kleid, Neil |
| 245 ## - TITLE STATEMENT | |
| Title | Tales from the Crypt : |
| Remainder of title | Can you fear me now? / |
| Statement of responsibility, etc. | Neil Kleid |
| 260 ## - PUBLICATION, DISTRIBUTION, ETC. | |
| Place of publication, distribution, etc. | New York : |
| Name of publisher, distributor, etc. | Papercut, |
| Date of publication, distribution, etc. | 2007. |
| 300 ## - PHYSICAL DESCRIPTION | |
| Extent | 90 unnumbered pages : |
| Other physical details | color illustrations ; |
| Dimensions | 19 cm |
| 490 ## - SERIES STATEMENT | |
| Series statement | Tales from the Crypt Graphic Novels : |
| Volume/sequential designation | Book two |
| 520 ## - SUMMARY, ETC. | |
| Summary, etc. | Presents four horror stories in graphic novel format, including a tale about a loser who would sacrifice anything to appear on--and win--the television show "Popstar Idol." |
| 650 ## - SUBJECT ADDED ENTRY--TOPICAL TERM | |
| Topical term or geographic name entry element | Horror |
| Form subdivision | Comics |
| General subdivision | Graphic Novel |
| 942 ## - ADDED ENTRY ELEMENTS (KOHA) | |
| Source of classification or shelving scheme | Dewey Decimal Classification |
| Koha item type | Books |
| Suppress in OPAC | No |
| Withdrawn status | Lost status | Source of classification or shelving scheme | Damaged status | Not for loan | Collection | Home library | Current library | Shelving location | Date acquired | Total Checkouts | Full call number | Barcode | Date last seen | Copy number | Price effective from | Koha item type |
|---|---|---|---|---|---|---|---|---|---|---|---|---|---|---|---|---|
| Dewey Decimal Classification | Juvenile Fiction | Footprints International School Library Network Toul Tom Poung Campus | Footprints International School Library Network Toul Tom Poung Campus | TTP Comic Books all Levels | 03/10/2026 | KLE 741.5 PZ7 | FIS03395 | 03/10/2026 | 1 | 03/10/2026 | Books |
